Gentle Mates Rosters 2026 - Statistiques

Statistiques générales
  • Ce quiz a été pris 7 fois
  • Le résultat moyen est 27 sur 35
Statistiques - réponses
Hint Réponse % Correct
Fortnite Akiira
100%
Rocket League Archie
100%
Valorant Bipo
100%
Warzone Enkeo
100%
Valorant Glyph
100%
Fortnite Kurama
100%
Valorant Marteen
100%
Valorant GC Marti
100%
Counter Strike Martinezsa
100%
Valorant Minny
100%
Counter Strike Mopoz
100%
Rocket League Nass
100%
Call Of Duty Neptune
100%
Rocket League Oski
100%
Fortnite Vanyak
100%
Counter Strike Alex
75%
Counter Strike Dav1g
75%
Call Of Duty Envoy
75%
Call Of Duty Ghosty
75%
Warzone Gromalok
75%
Warzone Hallow
75%
Age of Empires Marinelord
75%
Fortnite Mariuscow
75%
Fortnite Merstach
75%
Valorant GC Nami
75%
Counter Strike Sausol
75%
Valorant Starxo
75%
2XKO Wawa
75%
Valorant GC Berryx
50%
Teamfight Tactics Jedusor
50%
Call Of Duty Sib
50%
Teamfight Tactics Enzosx
25%
Teamfight Tactics L3scoco
0%
Valorant GC Tokameite
0%
Valorant GC Wens
0%
Aucun quiz correspondant
Distribution des résultats
% des personnes avec chaque résultat
Percentile par nombre de réponses
Votre historique - résultats
Vous n’avez pas pris ce quiz